| 000 | 01148cam a22003371 4500 | ||
|---|---|---|---|
| 001 | 7048205 | ||
| 003 | ARRUPE | ||
| 005 | 20150209114015.0 | ||
| 008 | 730117s1964 nyua b 000 0 eng | ||
| 010 | _a 64012734 | ||
| 015 | _aGB64-18986 | ||
| 035 | _a(OCoLC)541399 | ||
| 040 |
_aDLC _cOAU _dOCoLC _dODaWU _dNN _dUk _dDLC |
||
| 041 | 1 |
_aeng _hven |
|
| 042 | _apremarc | ||
| 043 | _af-sa--- | ||
| 050 | 0 | 0 |
_aDT761 _b.M16 |
| 082 | _a916.8 | ||
| 100 | 1 |
_aMagidi, Dora Thizwilondi. _914893 |
|
| 245 | 1 | 0 |
_aBlack background; _bthe childhood of a South African girl _c[by] John Blacking. |
| 260 |
_aNew York, _bAbelard-Schuman _c[1964] |
||
| 300 |
_a207 p. _billus. _c22 cm. |
||
| 500 | _a"Based on the autobiography of Dora Thizwilondi Magidi, pseud. Translated from the Venda with an introduction and notes by John Blacking." cf. Dust jacket. | ||
| 504 | _aBibliography: p. 203-207. | ||
| 650 | 0 |
_aBlacks _zSouth Africa. _914894 |
|
| 650 | 0 |
_aYouth _zSouth Africa. _914895 |
|
| 650 | 0 |
_aVenda (African people) _914896 |
|
| 700 | 1 |
_aBlacking, John. _914897 |
|
| 906 |
_a7 _bcbc _coclcrpl _du _encip _f19 _gy-gencatlg |
||
| 942 |
_2lcc _cMONOGRAPH |
||
| 999 |
_c121967 _d121967 |
||